| 000 | 00376nam a2200169Ia 4500 | ||
|---|---|---|---|
| 008 | 230917s9999||||xx |||||||||||||| ||und|| | ||
| 020 | _cRS90 | ||
| 040 |
_e26683 _aMAIN |
||
| 041 | _aEnglish | ||
| 082 | _a338.521 G729M | ||
| 100 | _aGould, John P | ||
| 245 | 0 | _aMicroeconomic theory | |
| 250 | _a6th ed. | ||
| 260 |
_aDelhi _c1989 |
||
| 300 | _aiv, 639 p. | ||
| 942 | _cBK | ||
| 999 |
_c63730 _d63730 |
||